000 00344nam a2200133Ia 4500
008 240624s9999 xx 000 0 und d
041 _aeng
082 _a658.8 SUR
100 _aSURESH K
245 _aEFFECTIVE B2B MARKETING CONCEPTS AND CAS
260 _c2005
_aHyderabad
_bICFAI press
300 _aix, : 217 : p. : cm. ; 23
365 _cRS
_b50
999 _c6456
_d6456